01016nam a22003017a 4500003000500000005001700005008004100022010001100063011001100074035001100085040000900096090001800105100002300123245006800146260003100214300001800245590004100263590004100304590004200345650003600387650002800423650002500451901000700476942000900483949006000492999001900552952014300571CHAP20220329143858.0120511s1980 is a r 00010 spa d a103154 a104126 a114815 cCHAP aFolleto 182181 aArad, Nathan9641310aMétodos para la conversión de agua salinac/por Nathan Arad a[s.l.] :b[s.n.],c[198-?] a5 h. :bilus. aBATCH-UPDb10c20130110lUCH01h1736 aBATCH-UPDb10c20130410lUCH01h1117 aCONVERSIONb10c20130109lUCH01h135714aAgua de marxDestilacion.9241814aAguaxDesalacion.9236514aAguas salinas.92592 aBK cFOLL aFolleto 18218bBCcFOLLd33724002330231eTS1i114815sb c103154d103154 00102local4051708FOLLaBCbBCcPA_FOLLETOSd2012-12-17fFOLLl0oFolleto 18218p33724002330231r2019-12-31 00:00:00w2012-12-17yFOLL